| 000 | 00573nam a22002057a 4500 | ||
|---|---|---|---|
| 005 | 20140312093240.0 | ||
| 008 | 140312b xxu||||| |||| 00| 0 eng d | ||
| 020 | _a9780071599856 | ||
| 080 | _a004.42 | ||
| 100 | _aMatthews, Carole | ||
| 245 |
_aMicrosoft office 2007/ _cCarole Matthews, Marty Matthews; |
||
| 250 | _a1 st.ed.; | ||
| 260 |
_aNew York, _bMcGraw Hill, _c2009, |
||
| 300 |
_a360 f.: _bme il.; _c20 cm, |
||
| 500 | _aPƫrfshin indeksin f. 355-360 | ||
| 650 | _aKompjuterat | ||
| 650 | _aSoftuer | ||
| 700 | _aMarty Matthews, | ||
| 942 |
_2udc _cBK |
||
| 999 |
_c418 _d418 |
||